000 00448nam a2200181Ia 4500
001 22796
005 20260414150854.0
008 260414t2015||||xx |||||||||||||| ||spa||
041 _aESP
082 _a624
_bA36 Nº 2
100 _aAlbarrán Núñez, José F.
_eAUT
245 0 _aPlaneación de proyectos de ingeniería
_b
260 _c2015
300 _a162 páginas :
_c23 cm.
650 _a0
654 _aCIC
942 _cLIB
_dJUS
_fJUS
_2ddc
_n
999 _c22796
_d22796